|
|
|
|
| LEADER |
00629nta a2200157 i 4500 |
| 001 |
dipl39206 |
| 005 |
20130527142551.0 |
| 008 |
130523s2006 hu om 0|| hun d |
| 040 |
|
|
|a SZTE Diploma Repozitórium
|b hun
|
| 041 |
|
|
|a hun
|
| 100 |
1 |
|
|a Kánya Andrea
|
| 245 |
1 |
2 |
|a A zene szerepe az emberi kommunikációban - A zene kommunikációs funkciói és annak változásai a társadalmak fejlődésében
|h [elektronikus dokumentum] /
|c Andrea Kánya
|
| 260 |
|
|
|c 2006
|
| 650 |
|
4 |
|a Bölcsészettudományok
|
| 700 |
1 |
|
|a Varsányi Zsuzsa
|e ths
|
| 856 |
4 |
0 |
|u http://diploma.bibl.u-szeged.hu/id/eprint/39206/1/2006_kanya_andrea.pdf
|z Dokumentum-elérés
|